Low Reynolds number hydrodynamics : (Record no. 8948)
[ view plain ]
| 000 -LEADER | |
|---|---|
| fixed length control field | 00940nam a2200313 4500 |
| 001 - CONTROL NUMBER | |
| control field | 8948 |
| 003 - CONTROL NUMBER IDENTIFIER | |
| rucl marc code | BD-RjUL |
| 005 - DATE AND TIME OF LATEST TRANSACTION | |
| control field | 20211208234702.0 |
| 008 - FIXED-LENGTH DATA ELEMENTS--GENERAL INFORMATION | |
| fixed length control field | 140120s1973 ne 001 0 eng |
| 020 ## - INTERNATIONAL STANDARD BOOK NUMBER | |
| International Standard Book Number | 9001371159 |
| 035 ## - SYSTEM CONTROL NUMBER | |
| System control number | (BD-RjUL)8993 |
| 040 ## - CATALOGING SOURCE | |
| Original cataloging agency | DLC |
| Transcribing agency | DLC |
| Modifying agency | DLC |
| -- | BD-RjUL |
| Language of cataloging | eng |
| 041 ## - LANGUAGE CODE | |
| Language code of text/sound track or separate title | eng |
| 082 00 - DEWEY DECIMAL CLASSIFICATION NUMBER | |
| Classification number | 532.5 |
| Author mark and year | HAL 1973 |
| 100 1# - MAIN ENTRY--PERSONAL NAME | |
| Personal name | Happel, John. |
| 9 (RLIN) | 27790 |
| 245 10 - TITLE STATEMENT | |
| Title | Low Reynolds number hydrodynamics : |
| Remainder of title | With special applications to particulate media. / |
| Statement of responsibility, etc. | John Happel and Howard Brenner. |
| 250 ## - EDITION STATEMENT | |
| Edition statement | 2d rev. ed. |
| 260 ## - PUBLICATION, DISTRIBUTION, ETC. (IMPRINT) | |
| Place of publication, distribution, etc. | Leiden : |
| Name of publisher, distributor, etc. | Noordhoff International Publishing, |
| Date of publication, distribution, etc. | c1973. |
| 300 ## - PHYSICAL DESCRIPTION | |
| Pagination | 553 p. : |
| Size | 22 cm. |
| Illustrations | illus. ; |
| 350 ## - PRICE (NR) (BK AM CF MU VM SE) [OBSOLETE] | |
| Price | fl89.45 |
| 504 ## - BIBLIOGRAPHY, ETC. NOTE | |
| Bibliography, etc | Includes index. |
| 650 #0 - SUBJECT ADDED ENTRY--TOPICAL TERM | |
| Topical term or geographic name as entry element | Hydrodynamics. |
| 9 (RLIN) | 20355 |
| Topical term or geographic name as entry element | Viscosity. |
| 9 (RLIN) | 27791 |
| Topical term or geographic name as entry element | Particles. |
| 9 (RLIN) | 20725 |
| 700 1# - ADDED ENTRY--PERSONAL NAME | |
| Personal name | Brenner, Howard, |
| Relator term | joint author. |
| 942 ## - ADDED ENTRY ELEMENTS (KOHA) | |
| Source of classification or shelving scheme | Dewey Decimal Classification |
| Koha item type | Books |
| Lost status | Source of classification or shelving scheme | Damaged status | Not for loan | Collection code | Permanent Location | Current Location | Shelving location | Date acquired | Source of acquisition | Total Checkouts | Full call number | Date last seen | Copy number | Koha item type |
|---|---|---|---|---|---|---|---|---|---|---|---|---|---|---|
| Dewey Decimal Classification | Non-fiction | Central Library, University of Rajshahi | Central Library, University of Rajshahi | 18/04/1979 | Netherland | 532.5 HAL 1973 | 20/01/2014 | C-2 | Books | |||||
| Dewey Decimal Classification | Not For Loan | Non-fiction | Central Library, University of Rajshahi | Central Library, University of Rajshahi | Reading Room | 18/04/1979 | Netherland | 532.5 HAL 1973 | 07/05/2017 | C-1 | Books |